Statistics for Greys anatomy trivia

Click here to take the quiz!

General Stats

  • This quiz has been taken 680 times
  • The average score is 5 of 15

Answer Stats

QuestionAnswer% Correct
What is the name of Meredith and Derek's dog?Doc
86%
What did Izzie cut in attempt to save Denny?His LVAD wire
83%
Who did he get it from?Olivia who got it from Alex
72%
What infection does George contract in season 1?Syphillis
44%
How many people died during the hospital shooting?11 (Reed, Percy, unnamed resident, nurse, security officer, five others mentioned, but not specified, and the shooter Gary Clark, who took his own life)
41%
What is every episode named after?songs
37%
What was the name of the pilot from the plane crash?Jerry
33%
What did Izzie Stevens name her daughter?Sarah
20%
What are the organs made out of?real cow organs
15%
Who played Hannah (the girl with her hand inside the body cavity with a bomb in it)?Christina Ricci
12%
What was wrong with Samuel (a brief description works)He had stage 3 osteogenesis imperfecta
10%
What is Callie's middle name?Iphigenia
8%
What were the names of the residents from Mercy West who came after the merger?Jackson Avery, April Kepner, Charles Percy, Reed Adamson
6%
Who are the lead singers in the musical episode in season 7?Callie Torres; Sara Ramirez, Miranda Bailey; Chandra Wilson, Owen Hunt; Kevin McKidd, and Lexie Grey; Chyler Leigh
1%
What actual couple have both guest starred on Grey's Anatomy? *not in the same epiodeDemi Lovato and Wilmer Valderrama
1%

Score Distribution

Percentile by Number Answered

Percent of People with Each Score

Your Score History

You have not taken this quiz